Fini les paroles : Dadju - Statistiques

Statistiques générales
  • Ce quiz a été pris 260 fois
  • Le résultat moyen est 12 sur 30
Statistiques - réponses
Chansons Nombre de mots manquants Paroles Réponse % Correct
Compliqué 3 De une, on ne se promet rien De deux, pas de jalousie De trois, personne parle jusqu'... A la fin
95%
Reine 2 Quand tu me souris, tu fais pas semblant J'ai pas besoin d'attendre plus longtemps Je sais qu'il est temps de partager... Mon sang
91%
Bob Marley 5 Comprends qu'on peut pas tout exposer sur nous, ouh nous, yeah-yeah Elle est dans l'Insta-love Elle veut que tout le monde sache... Que je suis son homme
87%
Dieu merci 1 Oh, eh, oh, eh, eh, oh, eh, ohMa chérie, fais tes valises, on va quitter la street J'ai fait du bénéf' qu'on va investir en... Afrique
86%
Jaloux 3 Les hommes je les connais, j'ai moi-même été de l'autre côté
Oui j'ai fais du mal à je n'sais combien de femmes
Et j'ai peur que tu deviennes mon...
Retour de flamme
85%
Amour toxic 2 Ça va jamais finir, jamais finirJ'aime quand c'est toxique, quand ça sort du lot Quand ça se complique, quand y a plus... Les mots
70%
Django 2 Il veut nous éloigner Donc il sort toute sorte de foutaises Et quand j'lui demande quel genre d'homme il te faut Il me dit "comme toi mais... Pas toi
68%
Par amour 3 Par amour Par amour, j'ai dû affronter le regard de ton père Par amour, j'ai même fait semblant de... Regarder la mer
68%
Grand bain 4 Sois ma Elvira, sois ma Cardi, j'serai ton Offset Plein d'choses qu'on dira pas par peur de faire foirer les projets C'est nous deux ou bien rien... Jusqu'à la fin
67%
Oublie-le 3 Je te veux depuis que j't'ai connu Je sais même pas comment j'ai tenu Je veux te voir sans retenu, sans témoins... Sans ta tenue
61%
I love you 5 Je n'peux plus souffrir
Souffrance même cherche à te fuire
Ecoute ma poitrine mon coeur à...
Des choses à te dire
43%
Mon soleil 3 Abîmé ton brushing avec le toit ouvert, yeah Trop petit, les hommes superficiels pour toi, c'est trop petit C'est pas l'argent qui va... Combler ton appétit
41%
Va dire à ton ex 1 Va dire à ton ex, que s'il veut m'enlever mon cadeau du ciel, il n'a qu'à s'lever tôt
Tu peux dormir tranquille, si je suis là, c'est jusqu'à la muerte
Bébé, prions la nuit, pour que Dieu nous offre l'...
Eternité
36%
Bobo au cœur 3 Loin d'moi, loin d'moi, du balais Tu m'as lâché de beaucoup trop haut La personne que tu cherches à... Quitter cette vie
35%
Déjà trouvé 2 Toi tu refuses notre corps-à-corpsHm, tu mens Y a aucun homme qui ne veut pas... Mon corps
32%
Épouse‐moi 1 J'veux qu'ta robe soit une Dolce ou Goyard Remplaçons les dragées par des soyard Sur du kedjevara, fais moi tchougou-tchougou, mon bébé, c'est encore toi qui mène la... Danse
30%
Donne-moi l’accord 1 Donne-moi l'accord, du corps à corps, pas b'soin d'être timide, c'est que du sport Et si tout est good, je t'en donne encore Donne-moi l'accord et c'est demain qu'on... Dort
30%
Parle‐moi 3 Tu m'as déjà vu dans l'sale et ça t'inquiète T'aimes pas mon équipe mais l'équipe, elle te respecte Pas comme tes copines qui veulent graille... Dans ton assiette
24%
Toko Toko 4 Baby girl, dans ton attitude, t'as ce truc qui m'fait penser à moiFaut voir comment tu anticipes, tu fais comme si tu m'connaissais déjà T'as du vice, mais tu le maîtrises, t'as les codes, t'as... Le mode d'emploi
24%
Le contrat 1 Eux là ils ont fui un peu trop tôt Depuis qu'les comptes sont remplis On est beaucoup moins sur les... Photos
18%
Elle me demande 3 Rentrer dans sa tête, le chemin le plus court Mais elle connaît les bails, elle laisse aucune faille Elle hésite à parler mais elle... Tend son oreille
18%
TPB 3 Elle cherche un millionaire
Pour remplacer son père Elle veut me faire un gosse...
Dans le dos
16%
Sous contrôle 1 J'connais des femmes kitoko Seulement sur Instagram en vrai tu la vois, tu cours Après minuit, y'a plus de... Cendrillon
15%
Si on disait 4 Des images qui se mélangent dans ma tête
Les nuages qui défilent, tu ne les vois pas
Je te vois, la nuit...
Assise à la fenêtre
13%
J'ai zayé 1 Tu sais quoi me faire tard la nuit sur du kompa J'ai déjà rayer la liste des hommes, c'est mort, ils ne comptent pas T'es mon number one, t'es mon... Combat
12%
Mafuzzy Style 1 J'ai même dû réveiller le soleil plus d'un millions de fois Une seule balle dans le barillet On est des... Milliers
10%
Tellement belle 2 Et même si y a plus rien, je me dis que je peux tout te laisser Est-ce qu'on en reste là ? Ou bien c'est toi mon décret ? Le soleil te boude car c'est toi qui gère... Les degrés
9%
Des fois 2 Des fois, j'te dis tout, des fois, j't'en veux pas d'demander pourquoi Des fois, je fais l'sourd, mais j'te vois Des fois, je veux juste fumer un joint, emmener mon esprit... Tellement loin
9%
Pourquoi 1 Où sont passés nos efforts? Pourquoi insister encore et encore et encore?
Pourquoi? Dis moi pourquoi?
Oh, Pourquoi je dois...
Aimer?
8%
Piqûre de rappel 2 On fait du ness-bi mais si j'investis, c'est 80-10-10 Tellement d'inspi', j'entends une story, j'en fais un hit, hit, hit Tellement de-spi qu'ils ont oublié qu'ça faisait plus d'... Dix piges
7%
Aucun quiz correspondant
Distribution des résultats
% des personnes avec chaque résultat
Percentile par nombre de réponses
Votre historique - résultats
Vous n’avez pas pris ce quiz